[Event "Mikhail Tal Memorial (2300+)"]
[Site "SchemingMind.com"]
[Date "2019.12.28"]
[Round "-"]
[White "Robert Bruce"]
[Black "Matthew Bailey"]
[Result "1-0"]
[WhiteCountry "SCO"]
[BlackCountry "ENG"]
[WhiteElo "2410"]
[WhiteRD "64"]
[BlackElo "2478"]
[BlackRD "60"]
[GameID "449487"]

1. d4 a6 2. e4 b5 3. Nf3 Bb7 4. Bd3 Nf6 5. Qe2 e6 6. O-O c5 7. c3 c4 8. Bc2 Be7 9. b3 d5 10. e5 Nfd7
11. Nbd2 Nb6 12. bxc4 dxc4 13. Ne4 Bxe4 14. Qxe4 Nd5 15. Qg4 Kf8 16. Ng5 Nc6 17. Be4 Bxg5 18. Bxg5 h5 19. Qh4 Qd7 20. Rfc1 Rb8
21. a3 Na5 22. Rc2 Re8 23. Qg3 Rc8 24. h4 Nc6 25. Kf1 g6 26. Rb1 Kg8 27. Bf6 Rh7 28. Re1 Nce7 29. Rb1 Nb6 30. Re2 Ned5
31. Bg5 Ra8 32. Kg1 Na4 33. Rc1 Rb8 34. Rd2 Rb7 35. Kh2 a5 36. Rdc2 Rb8 37. Qh3 Rb6 38. Kh1 Rb8 39. Rg1 Nab6 40. Qf3 Ne7
41. Rb1 Ned5 42. Ra2 Na4 43. Rc2 Rh8 44. Kh2 Rh7 45. Rbc1 Nab6 46. Kg1 Ne7 47. Bxe7 Qxe7 48. Rb1 Na4 49. g3 Qxa3 50. Bc6 Rg7
51. Bxb5 Kh7 52. Qe3 Rgg8 53. Qc1 Qxc1+ 54. Rcxc1 Nxc3 55. Rxc3 Rb7 56. Rxc4 Rgb8 57. Rc5 a4 58. Kg2 a3 59. Kf3 a2 60. Ra1 Rxb5
61. Rxb5 Rxb5 62. Rxa2 f6 63. exf6 Rf5+ 64. Ke4 Kg8 65. f3 Rxf6 66. g4 hxg4 67. fxg4 Rf1 68. Ra8+ Kg7 69. Ra7+ Kg8 70. Ke5 Re1+
71. Kf6 Re4 72. Ra8+ Kh7 73. Ra7+ Kg8 74. g5 Rxh4 75. Ra8+ Kh7 76. Ra7+ Kg8 77. Rd7
1-0

[Event "Mikhail Tal Memorial (2300+)"]
[Site "SchemingMind.com"]
[Date "2019.12.28"]
[Round "-"]
[White "Matthew Bailey"]
[Black "Robert Bruce"]
[Result "1/2-1/2"]
[WhiteCountry "ENG"]
[BlackCountry "SCO"]
[WhiteElo "2499"]
[WhiteRD "64"]
[BlackElo "2387"]
[BlackRD "65"]
[GameID "449488"]

1. e4 c6 2. d4 d5 3. e5 Bf5 4. Nf3 e6 5. Be2 c5 6. Be3 cxd4 7. Nxd4 Ne7 8. c4 Nbc6 9. Qa4 a6 10. cxd5 Nxd5
11. O-O Nb6 12. Qd1 Nxd4 13. Qxd4 Qxd4 14. Bxd4 Nd5 15. Bf3 O-O-O 16. Nc3 Nxc3 17. Bxc3 Bc5 18. Rac1 Kb8 19. g4 Bd3 20. Rfd1 Rd7
21. Rd2 Rhd8 22. Ba5 b6 23. Rxc5 bxc5 24. Bxd8 Rxd8 25. Be2 c4 26. Bxd3 cxd3 27. Kg2 Rd5 28. f4 f5 29. exf6 gxf6 30. h3 Rd4
31. Kf3 f5 32. Ke3 Re4+ 33. Kf3 Rd4 34. Ke3 Re4+ 35. Kxd3 Rxf4 36. Ke3 Rb4 37. Kf3 Kc7 38. gxf5 exf5 39. Kg3 a5 40. Rf2 a4
41. h4 Kd6=
1/2-1/2

[Event "Mikhail Tal Memorial (2300+)"]
[Site "SchemingMind.com"]
[Date "2019.12.27"]
[Round "-"]
[White "Robert Bruce"]
[Black "William Lindberg"]
[Result "1/2-1/2"]
[WhiteCountry "SCO"]
[BlackCountry "USA"]
[WhiteElo "2421"]
[WhiteRD "68"]
[BlackElo "2464"]
[BlackRD "63"]
[GameID "449517"]

1. d4 Nf6 2. Nf3 d5 3. Bg5 Ne4 4. c4 Nxg5 5. Nxg5 e5 6. Nf3 exd4 7. Nxd4 Bb4+ 8. Nc3 O-O 9. cxd5 Bxc3+ 10. bxc3 Qxd5
11. Qb3 Qe5 12. e3 Nd7 13. Rd1 c5 14. Nb5 Nf6 15. Be2 Be6 16. c4 Rad8 17. O-O a6 18. Qc3 Qb8 19. Na3 h6 20. Rxd8 Rxd8
21. f3 Qc7 22. Nc2 Nd7 23. e4 Nb6 24. Qa5 f5 25. Rb1 Rd6 26. e5 Rc6 27. Qc3 Qf7 28. Na3 f4 29. Qd2 Nd7 30. Bd3 Nxe5
31. Be4 Rc8 32. Bxb7 Re8 33. Qd6 Qf6 34. Be4 Bf7 35. Qxf6 gxf6 36. Kf2 Rd8 37. Ke1 Nd3+ 38. Bxd3 Rxd3 39. Rb3 Bg6 40. Ke2 Rd6
41. g3 h5 42. gxf4 h4 43. Nb1 Bc2 44. Rb8+ Kg7 45. Rb7+ Kg6 46. Nc3 Bd3+ 47. Ke3 Bxc4 48. Ne4 Rd3+ 49. Kf2 Kf5 50. Rb6 Kxf4
51. Rxf6+ Ke5 52. Rh6 Bd5 53. Rxh4 c4 54. Ke2 Ra3 55. Nd2 Rxa2 56. Ke3 Ra3+ 57. Ke2 c3 58. Nc4+ Bxc4+ 59. Rxc4 Kd5 60. Rf4 Ra2+
61. Kd3 Rxh2 62. Kxc3=
1/2-1/2

[Event "Mikhail Tal Memorial (2300+)"]
[Site "SchemingMind.com"]
[Date "2019.12.26"]
[Round "-"]
[White "William Lindberg"]
[Black "Robert Bruce"]
[Result "1/2-1/2"]
[WhiteCountry "USA"]
[BlackCountry "SCO"]
[WhiteElo "2484"]
[WhiteRD "63"]
[BlackElo "2387"]
[BlackRD "65"]
[GameID "449518"]

1. e4 c6 2. d4 d5 3. Nc3 dxe4 4. Nxe4 Bf5 5. Ng3 Bg6 6. Nf3 Nd7 7. Bd3 e6 8. O-O Ngf6 9. Re1 Qc7 10. Bxg6 hxg6
11. Qd3 O-O-O 12. Bg5 Bd6 13. c4 a6 14. Nf1 c5 15. b4 cxb4 16. Qe3 Qc6 17. Rac1 Qa4 18. Ne5 Nxe5 19. dxe5 Ng4 20. Qd4 Nxe5
21. Bxd8 Rxd8 22. Rxe5 f6 23. Rc5+ Kb8 24. g3 Be7 25. Qf4+ Rd6 26. Re1 g5 27. Qe3 Bd8 28. Nd2 b6 29. Ne4 Rd1 30. Nxg5 bxc5
31. Nxe6 Bb6 32. Rxd1 Qxd1+ 33. Kg2 Qd7 34. h4 a5 35. Nf4 a4 36. Nd5 Ka7 37. Kf1 Kb7 38. h5 a3 39. Kg2 Qc6 40. Qe7+ Ka6
41. Kh2 Ba5 42. Qe4 Qc8 43. Qe3 Bc7 44. Qe7 Be5 45. f4 Qg4 46. Qe8 Qe2+ 47. Kh3 Qf1+ 48. Kh4 Qxc4 49. Qa8+ Kb5 50. Qb7+ Ka5
51. Qc6 Bb8 52. Qa8+ Qa6 53. Qxb8 Qc6 54. Qg8 c4 55. Ne3 b3 56. Nxc4+ Ka6 57. Nxa3 Qh1+ 58. Kg4 Qd1+ 59. Kf5 Qxh5+ 60. Ke6 Qe2+
61. Kf7 bxa2 62. Qc8+ Kb6 63. Qc3 Qh5+ 64. Kxg7 Qh2 65. Qb3+ Kc5 66. Qc3+ Kb6 67. f5 a1=Q 68. Nc4+ Kc5 69. Qxa1 Qxg3+ 70. Kf7 Qc7+
71. Ke6 Qc8+ 72. Ke7 Qb7+ 73. Kxf6 Qc6+ 74. Kg5=
1/2-1/2

[Event "Mikhail Tal Memorial (2300+)"]
[Site "SchemingMind.com"]
[Date "2019.12.25"]
[Round "-"]
[White "William Lindberg"]
[Black "Matthew Bailey"]
[Result "1/2-1/2"]
[WhiteCountry "USA"]
[BlackCountry "ENG"]
[WhiteElo "2477"]
[WhiteRD "67"]
[BlackElo "2492"]
[BlackRD "65"]
[GameID "449519"]

1. d4 d5 2. Nf3 e6 3. Bg5 Be7 4. Bxe7 Qxe7 5. c4 Nf6 6. Nc3 O-O 7. e3 Rd8 8. cxd5 exd5 9. Be2 c6 10. O-O Bf5
11. a3 Nbd7 12. Nh4 Be6 13. Qc2 g6 14. Rae1 Ne8 15. Nf3 Nd6 16. Bd3 Rac8 17. Ne5 Bf5 18. Bxf5 Nxf5 19. Nxd7 Rxd7 20. Qa4 a6
21. Qd1 Qg5 22. Na4 Re8 23. Kh1 h5 24. Nc5 Rde7 25. Qd2 Nh4 26. Rg1 Nf5 27. Rgf1 Nh4 28. Rg1 Qf6 29. Nd3 Kg7 30. a4 Nf5
31. Rgf1 Nd6 32. Kg1 g5 33. Qd1 Qf5 34. b3 Qg4 35. Re2 Qe4 36. Rc2 Nf5 37. Rc1 Nd6 38. b4 Rh8 39. h3 Qf5 40. Ne5 Qh7
41. Nd3 Qg6 42. Ne5 Qf5 43. Rc2 Ree8 44. Qe2 Qh7 45. Qd1 Qf5 46. Qe2 Rh6 47. Rcc1 Qe6 48. Rc2 Kh7 49. Rcc1 Rg8 50. Kh2 Qe7
51. Rh1 Kh8 52. Kg1 Ne4 53. Nd3 h4 54. Nc5 Nd6 55. Qf3 Rg7 56. Kh2 Rf6 57. Qh5+ Kg8 58. Rhf1 Rfg6 59. b5 axb5 60. axb5 Nxb5
61. Ra1 Rh7 62. Ra8+ Kg7 63. Qg4 Nd6 64. Rfa1 Rh8 65. Rxh8 Kxh8 66. Nd7 f5 67. Qh5+ Kg7 68. Ne5 Rh6 69. Qe2 Rh8 70. f4 Nf7
71. Qb2 Nxe5 72. dxe5 Kg6 73. Rg1 Qd7 74. Qd4=
1/2-1/2

[Event "Mikhail Tal Memorial (2300+)"]
[Site "SchemingMind.com"]
[Date "2019.12.25"]
[Round "-"]
[White "Matthew Bailey"]
[Black "William Lindberg"]
[Result "1/2-1/2"]
[WhiteCountry "ENG"]
[BlackCountry "USA"]
[WhiteElo "2499"]
[WhiteRD "64"]
[BlackElo "2484"]
[BlackRD "63"]
[GameID "449520"]

1. e4 e5 2. Nf3 Nc6 3. Bc4 Nf6 4. d3 Bc5 5. O-O d6 6. c3 h6 7. Nbd2 O-O 8. Re1 Na5 9. Bb5 a6 10. Ba4 b5
11. b4 Ba7 12. bxa5 bxa4 13. Qxa4 Bd7 14. Qd1 Re8 15. h3 Nh5 16. Rb1 Qf6 17. Nf1 Qg6 18. Be3 Bxh3 19. Nh4 Qg4 20. Qxg4 Bxg4
21. Rb7 Bb8 22. Nf5 Nf4 23. N1g3 Nxd3 24. Reb1 h5 25. c4 Nf4 26. f3 Bxf5 27. exf5 d5 28. cxd5 Nxd5 29. Bf2 c6 30. Rc1 Re7
31. Rb2 h4 32. Ne4 Ba7 33. Rxc6 Bxf2+ 34. Kxf2 f6 35. Rd2 Nf4 36. g3 hxg3+ 37. Kxg3 Rb7 38. Nc5 Rb5 39. Rc7 Rxa5 40. Ne6 Nxe6
41. fxe6 e4 42. f4 Re8 43. Rdd7 Rxe6 44. Rxg7+ Kh8 45. Rh7+ Kg8 46. Rcg7+ Kf8 47. Ra7 Kg8=
1/2-1/2

[Event "Mikhail Tal Memorial (2300+)"]
[Site "SchemingMind.com"]
[Date "2020.02.16"]
[Round "-"]
[White "Robert Bruce"]
[Black "Giraldo Menendez Rodriguez"]
[Result "0-1"]
[WhiteCountry "SCO"]
[BlackCountry "CUB"]
[WhiteElo "2410"]
[WhiteRD "63"]
[BlackElo "2529"]
[BlackRD "76"]
[GameID "451247"]

1. e4 c5 2. Nf3 d6 3. d4 cxd4 4. Qxd4 Nc6 5. Qe3 Nf6 6. Be2 g6 7. O-O Bg7 8. h3 O-O 9. Rd1 Nd7 10. c4 Qb6
11. Qd2 Nc5 12. Nc3 Qa5 13. Qe3 Bxc3 14. bxc3 f6 15. Nd4 Bd7 16. Bd2 Qa4 17. Rdb1 Qa6 18. f4 b6 19. Nb3 Rad8 20. Rf1 Qa4
21. Nxc5 bxc5 22. Rfb1 Na5 23. Bd1 Qc6 24. f5 Qc8 25. Be2 Nc6 26. Rb2 gxf5 27. Rf1 Ne5 28. exf5 Bxf5 29. Be1 Qe6 30. Bg3 Ng6
31. Qd2 Rb8 32. Rxb8 Rxb8 33. Bf3 Kg7 34. Bd5 Qd7 35. Rf2 Be6 36. Kh2 Bxd5 37. cxd5 Qc7 38. Rf5 Qc8 39. Rh5 Kg8 40. c4 Qe8
41. Qc2 Qf7 42. Rf5 Qg7 43. Qd2 Rb4 44. Qc1 a6 45. Qc3 Rb8 46. Qd2 Qf7 47. Qe2 Kh8 48. Be1 Ne5 49. Bc3 Qg6 50. Qe4 Rb7
51. Ba1 a5 52. Bc3 Rb6 53. Bxe5 dxe5 54. g4 Qh6 55. Rf2 Qc1 56. Qf5 Rb1 57. Kg3 Qe3+ 58. Kg2 Qe1 59. Qc8+ Kg7 60. Qe6 Qg1+
61. Kf3 e4+ 62. Qxe4 Re1 63. Qd3 a4 64. Rg2 Qh1 65. Kg3 Re5 66. Rf2 Qc1 67. Kf3 h5 68. Kg2 Re3 69. Qd2 Qa3 70. gxh5 Rxh3
71. Kg1 Rxh5 72. Rh2 Rxh2 73. Kxh2 Qf3 74. d6 exd6 75. Qxd6 Qh5+ 76. Kg1 Qg4+ 77. Kf2 Qxc4 78. Ke3 Qd4+
0-1

[Event "Mikhail Tal Memorial (2300+)"]
[Site "SchemingMind.com"]
[Date "2020.02.16"]
[Round "-"]
[White "Giraldo Menendez Rodriguez"]
[Black "Robert Bruce"]
[Result "1-0"]
[WhiteCountry "CUB"]
[BlackCountry "SCO"]
[WhiteElo "2522"]
[WhiteRD "77"]
[BlackElo "2410"]
[BlackRD "64"]
[GameID "451248"]

1. Nf3 f5 2. d4 Nf6 3. g3 g6 4. Bg2 d5 5. O-O Bg7 6. c4 e6 7. Bf4 h6 8. h4 Ng4 9. cxd5 exd5 10. Nc3 O-O
11. Nh2 Nxh2 12. Bxd5+ Kh7 13. Kxh2 Nd7 14. Rc1 c6 15. Bf3 Nb6 16. d5 Bd7 17. dxc6 Bxc6 18. Bxc6 bxc6 19. Qxd8 Raxd8 20. Rfd1 Bf6
21. Be3 g5 22. Rxd8 Rxd8 23. h5 Kg7 24. b3 Be5 25. Kg2 Kf7 26. Nb1 Nd5 27. Rxc6 Rd6 28. Rc5 Kf6 29. Bc1 Ke6 30. Na3 Ra6
31. Nb5 Rxa2 32. Rc6+ Kf7 33. Rxh6 Nf6 34. Bxg5 Ng4 35. Nd6+ Bxd6 36. Rxd6 Rxe2 37. Be3 Nxe3+ 38. Kf3 Re1 39. fxe3 Rf1+ 40. Kg2 Rb1
41. Rd7+
1-0

[Event "Mikhail Tal Memorial (2300+)"]
[Site "SchemingMind.com"]
[Date "2020.02.11"]
[Round "-"]
[White "William Lindberg"]
[Black "Giraldo Menendez Rodriguez"]
[Result "1/2-1/2"]
[WhiteCountry "USA"]
[BlackCountry "CUB"]
[WhiteElo "2477"]
[WhiteRD "67"]
[BlackElo "2457"]
[BlackRD "88"]
[GameID "451249"]

1. e4 c5 2. Nf3 d6 3. d4 cxd4 4. Nxd4 Nf6 5. Nc3 a6 6. Be2 e5 7. Nb3 Be7 8. Be3 Be6 9. O-O Nbd7 10. a4 Rc8
11. Bf3 O-O 12. Re1 Nb6 13. Nd2 Nc4 14. Nxc4 Rxc4 15. Be2 Rc6 16. a5 h6 17. Bd3 Nd7 18. Nd5 Bxd5 19. exd5 Rc8 20. Bf5 Rc7
21. Rc1 Bg5 22. c4 Bxe3 23. Rxe3 b6 24. Bxd7 Qxd7 25. axb6 Rb7 26. h3 Rxb6 27. b3 Rfb8 28. Rcc3 g6 29. c5 dxc5 30. Rxe5 Rb4
31. Qc2 Kg7 32. Rf3 Qc7 33. Qc3 Rd4 34. d6 Qxd6 35. Rxc5 Rd8 36. g3 Kg8 37. Rc7 Rd3 38. Rxd3 Qxd3 39. Qf6 Rf8 40. Ra7 Qxb3=
1/2-1/2

[Event "Mikhail Tal Memorial (2300+)"]
[Site "SchemingMind.com"]
[Date "2020.02.11"]
[Round "-"]
[White "Giraldo Menendez Rodriguez"]
[Black "William Lindberg"]
[Result "1-0"]
[WhiteCountry "CUB"]
[BlackCountry "USA"]
[WhiteElo "2522"]
[WhiteRD "77"]
[BlackElo "2448"]
[BlackRD "65"]
[GameID "451250"]

1. Nf3 d5 2. d4 Bf5 3. c4 e6 4. Nc3 Bb4 5. cxd5 exd5 6. Qb3 Nc6 7. Bg5 Nge7 8. a3 Bxc3+ 9. Qxc3 O-O 10. e3 Qe8
11. Bf4 Nd8 12. h3 Ne6 13. Bh2 b6 14. b4 Be4 15. Be2 f5 16. O-O Qg6 17. Bg3 Bxf3 18. Bxf3 Ng5 19. Be2 c6 20. Qc2 Ne4
21. Be5 Qe6 22. Bd3 Rac8 23. Bh2 c5 24. Ba6 Rcd8 25. f3 Nf6 26. dxc5 bxc5 27. Qxc5 Qxa6 28. Qxe7 Rfe8 29. Qc5 Rc8 30. Qd4 Rc2
31. Rfe1 Rc4 32. Qd2 h6 33. Bg3 Qb6 34. Qd3 Qe6 35. b5 Nd7 36. a4 Nc5 37. Qd1 Re7 38. Kh2 h5 39. a5 Rb7 40. Rb1 Na4
41. Qd2 Nc3 42. Rb3 Nxb5 43. a6 Rb6 44. Reb1 Rc5 45. Qd3 Qe8 46. Be1 Qd7 47. f4 d4 48. exd4 Rd5 49. Qf1 Kh7 50. Bf2 Kh6
51. Bh4 Kh7 52. Bg5 Qe8 53. Re1 Re6 54. Rxe6 Qxe6 55. Rxb5 Qxa6 56. Rb1 Qxf1 57. Rxf1 Rxd4 58. Ra1 a6 59. Rxa6 h4 60. Re6 Ra4
61. Kg1 Ra1+ 62. Kf2 Ra3 63. Bxh4 Rd3 64. Re3 Rd1 65. Rc3 Rd7 66. Kf3 Kg8 67. Rc5 Rd3+ 68. Ke2 Rd7 69. Rxf5
1-0

[Event "Mikhail Tal Memorial (2300+)"]
[Site "SchemingMind.com"]
[Date "2020.02.13"]
[Round "-"]
[White "Giraldo Menendez Rodriguez"]
[Black "Matthew Bailey"]
[Result "1/2-1/2"]
[WhiteCountry "CUB"]
[BlackCountry "ENG"]
[WhiteElo "2522"]
[WhiteRD "77"]
[BlackElo "2478"]
[BlackRD "60"]
[GameID "451251"]

1. Nf3 Nf6 2. c4 e6 3. g3 d5 4. d4 Bb4+ 5. Bd2 Be7 6. Bg2 O-O 7. O-O c6 8. Qc2 b6 9. Rd1 Nbd7 10. Bf4 Bb7
11. Ne5 Nh5 12. Bd2 Nhf6 13. cxd5 cxd5 14. Nc6 Bxc6 15. Qxc6 a6 16. e3 b5 17. Rc1 b4 18. a3 a5 19. Qc2 Rc8 20. Qd1 Rxc1
21. Bxc1 Qc7 22. axb4 Bxb4 23. Bf1 Rc8 24. Nd2 h5 25. Nb3 Rb8 26. Ra2 Ne4 27. Bd2 Nxd2 28. Nxd2 Nf6 29. Bd3 g6 30. Nf3 Kg7
31. Kg2 Rc8 32. Ra1=
1/2-1/2

[Event "Mikhail Tal Memorial (2300+)"]
[Site "SchemingMind.com"]
[Date "2020.02.13"]
[Round "-"]
[White "Matthew Bailey"]
[Black "Giraldo Menendez Rodriguez"]
[Result "1/2-1/2"]
[WhiteCountry "ENG"]
[BlackCountry "CUB"]
[WhiteElo "2478"]
[WhiteRD "60"]
[BlackElo "2522"]
[BlackRD "77"]
[GameID "451252"]

1. d4 Nf6 2. c4 e6 3. g3 d5 4. Bg2 Bb4+ 5. Bd2 Be7 6. Nf3 O-O 7. O-O Nbd7 8. Qc2 c6 9. Rd1 b6 10. b3 Ba6
11. a4 h6 12. Bc3 Qc7 13. Nbd2 c5 14. a5 Rfc8 15. Rdc1 Bb7 16. e3 dxc4 17. bxc4 Rab8 18. Qb1 Qd8 19. Qd3 cxd4 20. exd4 Nc5
21. Qe3 Nce4 22. axb6 axb6 23. Ne5 Nxc3 24. Bxb7 Rxb7 25. Rxc3 Bd6 26. Qf3 Qc7 27. Nd3 Be7 28. Ne5 Bd6 29. Nd3 Ra7 30. Rcc1 Nd7
31. Kg2 Be7=
1/2-1/2

[Event "Mikhail Tal Memorial (2300+)"]
[Site "SchemingMind.com"]
[Date "2020.04.30"]
[Round "-"]
[White "AussieMossie"]
[Black "Robert Bruce"]
[Result "1-0"]
[WhiteCountry "AUS"]
[BlackCountry "SCO"]
[WhiteElo "2534"]
[WhiteRD "73"]
[BlackElo "2410"]
[BlackRD "63"]
[GameID "454255"]

1. Nf3 b6 2. e4 Bb7 3. Nc3 Nf6 4. e5 Nd5 5. Nxd5 Bxd5 6. d4 e6 7. Bf4 Be7 8. Bd3 g5 9. Bg3 h5 10. h3 c5
11. O-O c4 12. Be2 h4 13. Bh2 g4 14. hxg4 h3 15. b3 b5 16. a4 hxg2 17. Kxg2 cxb3 18. axb5 b2 19. Rb1 a6 20. c4 Ba3
21. cxd5
1-0

[Event "Mikhail Tal Memorial (2300+)"]
[Site "SchemingMind.com"]
[Date "2020.04.30"]
[Round "-"]
[White "Robert Bruce"]
[Black "AussieMossie"]
[Result "1/2-1/2"]
[WhiteCountry "SCO"]
[BlackCountry "AUS"]
[WhiteElo "2404"]
[WhiteRD "66"]
[BlackElo "2516"]
[BlackRD "73"]
[GameID "454256"]

1. d4 Nf6 2. Nf3 d5 3. e3 e6 4. Bd3 Be7 5. b3 b6 6. O-O c5 7. Nbd2 O-O 8. Bb2 Bb7 9. c4 Nbd7 10. Rc1 Rc8
11. Qe2 cxd4 12. Nxd4 g6 13. N4f3 Nc5 14. Bb1 Nfe4 15. Rfd1 Qe8 16. Bd4 dxc4 17. Nxc4 f6 18. b4 Na4 19. a3 b5 20. Nfd2 Nxd2
21. Nxd2 e5 22. Ba1 Nb6 23. Rxc8 Qxc8 24. Re1 Rd8 25. f4 Qd7 26. Ba2+ Bd5 27. Nf3 e4 28. Bxd5+ Qxd5 29. Nd4 Nc4 30. f5 Nxa3
31. fxg6 hxg6 32. Qg4 Kf7 33. Qh4 Rg8 34. Bc3 Nc4 35. Qh7+ Rg7 36. Qh8 a6 37. h4 Qe5 38. Ne2 Qh5 39. Qa8 Rg8 40. Qxa6 Rd8
41. Nd4 Rd6 42. Qa7 Qd5 43. Qb8 Rd7 44. Qh8 Bf8 45. Nb3 Bg7 46. Qh7 Qh5 47. Qxh5 gxh5 48. Nc5 Re7 49. Kf2 f5 50. Bxg7 Kxg7
51. Nb3 Ne5 52. Ra1 Nd3+ 53. Ke2=
1/2-1/2

[Event "Mikhail Tal Memorial (2300+)"]
[Site "SchemingMind.com"]
[Date "2020.04.25"]
[Round "-"]
[White "AussieMossie"]
[Black "William Lindberg"]
[Result "1/2-1/2"]
[WhiteCountry "AUS"]
[BlackCountry "USA"]
[WhiteElo "2534"]
[WhiteRD "73"]
[BlackElo "2443"]
[BlackRD "62"]
[GameID "454257"]

1. Nf3 Nf6 2. c4 c5 3. Nc3 e6 4. g3 Nc6 5. Bg2 Be7 6. d4 d5 7. cxd5 exd5 8. O-O O-O 9. Bg5 c4 10. Ne5 Be6
11. f4 h6 12. Bxf6 Bxf6 13. e3 Ne7 14. Qc2 Qb6 15. Rad1 Rad8 16. Qf2 Qc7 17. e4 dxe4 18. Bxe4 Nd5 19. a4 a6 20. Qe2 Rfe8
21. Rd2 g6 22. Rfd1 Nb4 23. Qe3 Nd3 24. Bxd3 cxd3 25. Rxd3 Bf5 26. R3d2 Bg7 27. Qf3 h5 28. Nd5 Qa5 29. Ne3 Bc8 30. d5 Qc5
31. Rc2 Qa7 32. Kg2 f6 33. Rxc8 Rxc8 34. d6 fxe5 35. d7 exf4 36. dxc8=Q Rxc8 37. Nd5 Rc2+ 38. Kh1 Kh7 39. Nxf4 Qb6 40. b4 Qxb4
41. Nxg6 Qg4 42. Qxg4 hxg4 43. Nf4 Be5 44. Rd7+ Kh6 45. Rxb7 Rc1+ 46. Kg2 Rc2+ 47. Kf1 Bxf4 48. gxf4 Rxh2 49. Rb6+ Kh5 50. f5 Kg5
51. f6 g3 52. Rxa6 Rf2+ 53. Kg1 Kg4 54. a5 Kh3=
1/2-1/2

[Event "Mikhail Tal Memorial (2300+)"]
[Site "SchemingMind.com"]
[Date "2020.04.25"]
[Round "-"]
[White "William Lindberg"]
[Black "AussieMossie"]
[Result "1/2-1/2"]
[WhiteCountry "USA"]
[BlackCountry "AUS"]
[WhiteElo "2443"]
[WhiteRD "62"]
[BlackElo "2534"]
[BlackRD "73"]
[GameID "454258"]

1. e4 e5 2. Nf3 Nc6 3. Bb5 a6 4. Ba4 Nf6 5. O-O Be7 6. Bxc6 dxc6 7. Re1 Qd6 8. b3 Bg4 9. d3 O-O 10. Nbd2 Nd7
11. h3 Bh5 12. Nf1 Qe6 13. Bd2 a5 14. g4 Bg6 15. Ng3 a4 16. Nf5 c5 17. Rb1 b6 18. b4 cxb4 19. Nxe7+ Qxe7 20. Bxb4 c5
21. Bd2 Rfb8 22. Rb5 Nf8 23. Qb1 Qd6 24. Be3 Ne6 25. c3 Ra6 26. Rb2 a3 27. Rb3 f6 28. Nh4 Be8 29. Nf5 Qc7 30. d4 g6
31. Nh6+ Kg7 32. dxc5 Nxc5 33. Rb4 Ne6 34. h4 Qe7 35. Kh2 b5 36. c4 Rab6 37. c5 Rc6 38. Qb3 Bd7 39. Qxa3 Nf4 40. Rd1 Bc8
41. Qc1 Ra8 42. Bxf4 exf4 43. Qxf4 Rxc5 44. Kg1 Rxa2 45. Rbd4 Qe5 46. Qe3 Be6 47. R1d3 Rc4 48. Rd8 Ra1+ 49. Kg2 Qxe4+ 50. Qxe4 Rxe4
51. g5 fxg5 52. hxg5 Ra7 53. Rb8 Re5 54. f4 Re2+ 55. Kg3 Bc4 56. Rc3 Raa2 57. Rxc4 Re3+=
1/2-1/2

[Event "Mikhail Tal Memorial (2300+)"]
[Site "SchemingMind.com"]
[Date "2020.04.25"]
[Round "-"]
[White "AussieMossie"]
[Black "Giraldo Menendez Rodriguez"]
[Result "1/2-1/2"]
[WhiteCountry "AUS"]
[BlackCountry "CUB"]
[WhiteElo "2516"]
[WhiteRD "73"]
[BlackElo "2535"]
[BlackRD "76"]
[GameID "454259"]

1. Nf3 d5 2. d4 Nf6 3. c4 c6 4. e3 e6 5. Bd3 dxc4 6. Bxc4 Nbd7 7. O-O Bd6 8. Nc3 b5 9. Bd3 O-O 10. b3 a6
11. Bb2 Bb7 12. a4 Qe7 13. Ne4 Nxe4 14. Bxe4 Rac8 15. axb5 axb5 16. Bd3 Rfd8 17. Qe2 Rb8 18. Rfd1 c5 19. Ne5 Bxe5 20. dxe5 b4
21. f4 h6 22. Bc2 Nf8 23. Rd6 Rd7 24. Rxd7 Nxd7 25. Rd1 Nf8 26. Rd6 Qh4 27. g3 Qe7 28. e4 Qc7 29. h4 Rd8 30. Qd3 Rxd6
31. exd6 Qc6 32. Kf2 h5 33. Ke3 Nd7 34. Bd1 Ba6=
1/2-1/2

[Event "Mikhail Tal Memorial (2300+)"]
[Site "SchemingMind.com"]
[Date "2020.04.25"]
[Round "-"]
[White "Giraldo Menendez Rodriguez"]
[Black "AussieMossie"]
[Result "1/2-1/2"]
[WhiteCountry "CUB"]
[BlackCountry "AUS"]
[WhiteElo "2544"]
[WhiteRD "80"]
[BlackElo "2553"]
[BlackRD "68"]
[GameID "454260"]

1. Nf3 Nf6 2. c4 e6 3. d4 b6 4. g3 Bb7 5. Bg2 Be7 6. O-O O-O 7. Re1 d5 8. cxd5 exd5 9. Nc3 Nbd7 10. Qc2 Re8
11. Bf4 Bb4 12. a3 Bxc3 13. bxc3 Nf8 14. Bg5 h6 15. Bxf6 Qxf6 16. Ne5 Rad8 17. e3 Qd6 18. Rab1 c5 19. a4 Qc7 20. Rec1 f6
21. Ng6 Ne6 22. a5 Ba6 23. axb6 axb6 24. Rd1 Bc4 25. Bf3 b5 26. Bh5 Rb8 27. dxc5 Nxc5 28. Nf4 Red8 29. Bf3 Qe5 30. Rd4 Ne6
31. Nxe6 Qxe6 32. Rbd1 f5 33. h4 Rd7 34. h5 Ra8 35. Kg2 Ra2 36. Qc1 Ra8 37. Qb1 Qe5 38. Rf4 Rf8 39. Rdd4 Rd6 40. Qc2 Qe6
41. Qd1 Qd7 42. Kg1 Qc6 43. Be2 Bxe2 44. Qxe2 Qxc3 45. Qxb5 Qa1+ 46. Kg2 Qa8 47. Ra4 Qc8 48. Ra7 Rfd8 49. Rb7 Qe6 50. Ra4 Kh7
51. Raa7 Rg8 52. Re7 Qf6 53. Rf7 Qg5 54. Qc5 Rdd8 55. Qd4 Rdf8 56. Rfd7 Rd8 57. Rxd5 Rxd5 58. Qxd5 Qxh5 59. Rf7 Kg6 60. Qe6+ Kh7
61. Rxf5 Re8 62. Qd5 Qg6 63. Re5 Rc8 64. Re6 Rc5 65. Qd7 Qf5 66. e4 Qh5 67. Rc6 Ra5 68. Qd3 Qe5 69. Qc4 Qe8 70. Rc8 Ra4
71. Rxe8 Rxc4 72. Kf3 Ra4 73. Kf4 Kg6 74. Rd8 Ra2 75. Ke3 Ra6 76. f4 h5 77. Rd7 Ra3+ 78. Rd3 Ra6 79. Kf3 Ra1 80. f5+ Kf6
81. Rd6+ Ke7 82. Re6+ Kf7 83. Kf4 Rf1+ 84. Kg5 Rf3 85. g4 hxg4 86. Kxg4=
1/2-1/2

[Event "Mikhail Tal Memorial (2300+)"]
[Site "SchemingMind.com"]
[Date "2020.04.25"]
[Round "-"]
[White "AussieMossie"]
[Black "Matthew Bailey"]
[Result "1/2-1/2"]
[WhiteCountry "AUS"]
[BlackCountry "ENG"]
[WhiteElo "2534"]
[WhiteRD "73"]
[BlackElo "2498"]
[BlackRD "58"]
[GameID "454261"]

1. Nf3 e6 2. c4 Nf6 3. d4 b6 4. g3 Ba6 5. b3 Bb4+ 6. Bd2 Be7 7. Bg2 c6 8. Bc3 d5 9. Nbd2 Nbd7 10. e4 Nxe4
11. Nxe4 dxe4 12. Ne5 Nxe5 13. dxe5 Qxd1+ 14. Rxd1 Rd8 15. Ke2 O-O 16. Bxe4 b5 17. Bxc6 bxc4 18. b4 Rb8 19. a3 Rfc8 20. Rd7 Bxb4
21. axb4 Rxc6 22. Ra1 h5 23. Ra5 Rcb6 24. Ke3 Ra8 25. Bd4 Rb7 26. Rxb7 Bxb7 27. Bxa7 Rd8 28. Bd4 Kf8 29. Rc5 Rc8 30. Rb5 Bd5
31. Ra5 Ke8 32. Kd2 Ra8 33. Kc3 Rxa5 34. bxa5 Kd7 35. a6 Kc7 36. Kb4 Bg2 37. Kc5 Kd7 38. a7 Bd5=
1/2-1/2

[Event "Mikhail Tal Memorial (2300+)"]
[Site "SchemingMind.com"]
[Date "2020.04.25"]
[Round "-"]
[White "Matthew Bailey"]
[Black "AussieMossie"]
[Result "1/2-1/2"]
[WhiteCountry "ENG"]
[BlackCountry "AUS"]
[WhiteElo "2545"]
[WhiteRD "57"]
[BlackElo "2503"]
[BlackRD "71"]
[GameID "454262"]

1. Nf3 Nf6 2. c4 c5 3. Nc3 Nc6 4. d4 cxd4 5. Nxd4 e6 6. g3 Qb6 7. Nb3 d5 8. cxd5 Nxd5 9. Nxd5 exd5 10. Bg2 Bb4+
11. Bd2 O-O 12. O-O Be6 13. Be3 Qa6 14. Nd4 Rac8 15. Nxe6 fxe6 16. Bf4 Kh8 17. a3 Ba5 18. e4 e5 19. Bg5 d4 20. Bh3 Ra8
21. Qh5 Qd3 22. b4 Bb6 23. Be6 Qxe4 24. Rae1 Qf3 25. Qxf3 Rxf3 26. b5 Na5 27. Rxe5 Rxa3 28. Rfe1 Rf3 29. Kg2 Rff8 30. Be7 Rfe8
31. Bf7 Rec8 32. Bb4 h6 33. Re7 Nc4 34. Rxb7 Bc5 35. Bxc5 Rxc5 36. Bxc4 Rxc4 37. Ree7 Rg8 38. Red7 Ra4 39. f4 a5 40. Ra7 Ra2+
41. Kh3 a4 42. Rxd4 Rb2 43. Rd5 a3 44. Rxa3 Rb8 45. Ra7 R2xb5 46. Rdd7 Rh5+ 47. Kg4 Rxh2 48. Rxg7 Rg8 49. Rxg8+ Kxg8 50. Kf5 Rg2
51. g4 Rg1 52. Re7 Rg2 53. Re8+ Kf7= 54. Ra8 Kg7 55. Ra5 Kg8 56. Ra1 Kg7 57. Rh1 Rb2 58. Re1 Kf7 59. Re5 Rb6 60. Ra5=
1/2-1/2

[Event "Mikhail Tal Memorial (2300+)"]
[Site "SchemingMind.com"]
[Date "2020.06.22"]
[Round "-"]
[White "AussieMossie"]
[Black "frankly"]
[Result "1/2-1/2"]
[WhiteCountry "AUS"]
[BlackCountry "ENG"]
[WhiteElo "2503"]
[WhiteRD "71"]
[BlackElo "2576"]
[BlackRD "63"]
[GameID "456841"]

1. e4 e5 2. Nf3 Nc6 3. Bb5 a6 4. Ba4 Nf6 5. O-O Be7 6. Re1 b5 7. Bb3 O-O 8. c3 d5 9. exd5 Nxd5 10. Nxe5 Nxe5
11. Rxe5 c6 12. d4 Bd6 13. Re1 Qh4 14. g3 Qh3 15. Be3 Bg4 16. Qd3 Rae8 17. Nd2 Re6 18. a4 Qh5 19. axb5 axb5 20. Nf1 Bf5
21. Qd2 Bh3 22. Qe2 Bg4 23. Qd3 Bf5 24. Qd2 Bh3 25. Bd1 Qg6 26. Bc2 Qh5 27. Bd1 Qg6 28. Bc2 Qh5 29. Bd1 Qg6 30. Bc2
1/2-1/2